| 000 | 00599nam a22001577a 4500 | ||
|---|---|---|---|
| 008 | 170307b xxu||||| |||| 00| 0 eng d | ||
| 082 |
_22016 _aUT 0675 _bAp43 |
||
| 100 |
_919052 _aApolinares Jr. Romeo L. |
||
| 245 |
_aThe Accounting method of SMEs in Digos City _cRomeo L. Apolinares Jr., Hera May L. Bancale and Twinkle Jeanne S. Dabon. |
||
| 300 |
_a61 pages; _b29 cm. |
||
| 650 | 0 |
_919053 _aAccounting _vAccounting Technology _xUndegraduate Thesis. |
|
| 700 |
_919054 _aApolinares Jr. Romeo L. |
||
| 700 |
_919055 _aBancale, Hera May L. |
||
| 700 |
_919056 _aDabon, Twinke Jeanne S. |
||
| 942 |
_2ddc _cUT |
||
| 999 |
_c6347 _d6347 |
||